000 01077nam a2200205 a 4500
001 58969
005 20180714055755.0
008 140415s2009 mx 000 0 spa d
020 _a9684372817
041 _aspa
082 _a370.11
_bITO
100 1 _aITOZ, SONIA DE
245 1 0 _aADOLESCENCIA Y SEXUALIDAD PARA ELLOS Y NOSOTROS
250 _a2a ed.
260 _aMEXICO :
_bPAULINAS,
_c2009
300 _a55
_c11 x 0.8 x 16.5
520 _aVIVENCIAR LA SEXUALIDAD ES EXPERIMENTAR UN PROCESO QUE ENVUELVE SENTIMIENTOS, INTUICIONES, MIEDOS, AFECTOS, DUDAS, INSEGURIDADES, TERNURAS, IMPULSIVIDADES, EMOCIONES Y ANSIEDADES. REQUIERE FLEXIBILIDAD DE CONCEPTOS, UNA POSTURA FIRME, DISPONIBILIDAD PARA LA REFLEXIÓN, ESCUHCA Y APERTURA HACIA EL OTRO. HABLAR DE ADOLESCENCIA Y SEXUALIDAD ES, ANTE TODO, ESTAR DISPUESTO A PARENDER. EL MISMO ADOLESCENTE NOS HA ENSEÑADO LA TRANSPARECNIA EN LAS RELACIONES, LA TERNURA Y EL CARIÑO, POR ENCIMA
650 1 4 _aADOLESCENTES
_xEDUCACION SEXUAL
_xSEXUALIDAD
740 _aADOLESCENCIA SEXUALIDADE PARA ELES E PARA NOS
999 _c58969
_d58969